Personnel recruitment and selection process for growing supermarkets in Uganda : (Record no. 27255)

MARC details
000 -LEADER
fixed length control field 005450000a22001450004500
008 - FIXED-LENGTH DATA ELEMENTS--GENERAL INFORMATION
fixed length control field 130427t xxu||||| |||| 00| 0 eng d
090 ## - LOCALLY ASSIGNED LC-TYPE CALL NUMBER (OCLC); LOCAL CALL NUMBER (RLIN)
-- 27255
-- 27255
100 ## - MAIN ENTRY--PERSONAL NAME
Personal name Baine, Aneurin
9 (RLIN) 47067
245 ## - TITLE STATEMENT
Title Personnel recruitment and selection process for growing supermarkets in Uganda :
Remainder of title case study top shop enterprise /
Statement of responsibility, etc. Baine Aneurin
260 ## - PUBLICATION, DISTRIBUTION, ETC.
Place of publication, distribution, etc. Nkozi :
Name of publisher, distributor, etc. Uganda Martyrs Univeristy,
Date of publication, distribution, etc. 2003
300 ## - PHYSICAL DESCRIPTION
Extent vii, 66 p. ;
Dimensions 30 cm.
500 ## - GENERAL NOTE
General note Business administration and management
650 ## - SUBJECT ADDED ENTRY--TOPICAL TERM
Topical term or geographic name entry element Recruitment-personnel
9 (RLIN) 47068
942 ## - ADDED ENTRY ELEMENTS (KOHA)
Koha item type UG Dissertations
Source of classification or shelving scheme Dewey Decimal Classification
Holdings
Withdrawn status Lost status Source of classification or shelving scheme Damaged status Not for loan Home library Current library Date acquired Total Checkouts Full call number Barcode Date last seen Price effective from Koha item type
    Dewey Decimal Classification     Archbishop Kiwanuka Memorial Library Archbishop Kiwanuka Memorial Library 01/11/2008   27255 27255 01/11/2008 01/11/2008 UG Dissertations

Archbishop Kiwanuka Memorial Library | Uganda Martyrs University P.O. Box : 5498 Kampala, Uganda
Tel : +256-(0) 382-277-901 or +256-(0) 382-410-611 / E-mail : library@umu.ac.ug